[Event "FIDE WCh Final"]
[Site "Moscow RUS"]
[Date "2002.01.17"]
[Round "2"]
[White "Ivanchuk, Vassily"]
[Black "Ponomariov, Ruslan"]
[Result "1/2-1/2"]
[WhiteElo "2717"]
[BlackElo "2727"]
[Annotator "Ubilava, E"]
[PlyCount "116"]
[EventDate "2002.01.16"]
[EventType "game"]
[Source "EDAMI"]
[SourceDate "2006.12.20"]

{Después de la derrota en el primer encuentro, V.Ivanchuk muestra sus garras
con blancas. En el medio juego, tras algunos fallos de su rival, las blancas
consiguen gran ventaja, sacrifican la calidad y dominan la posición. Las
negras, en un intento casi desesperado, sacrifican material para liberarse de
esa enorme presión e Ivanchuk tiene la victoria al alcance de su mano. Pero en
los apuros de tiempo, se le escapa y la partida termina en tablas.} 1. d4 {
Esta jugada nos enseña donde quiere atacar Vasily para romper la defensa de su
rival. Ivanchuk puede emplear con la misma fuerza tanto 1.e4 como 1.d4. A un
nivel tan alto, es preferible tener ambas jugadas en permanente uso, para
cambiar de apertura con facilidad, según el repertorio del rival. Aunque debo
admitir que ese cambio de aperturas tiene mas utilidad en matches más largos.}
d5 2. c4 dxc4 {"Pono" permanece fiel a su apertura preferida, el gambito de
dama aceptado, donde a lo largo de los últimos años ha demostrado muchas
nuevas ideas.} 3. e4 Nf6 {
El camino donde R.Ponomariov tuvo el mayor éxito en este gambito de dama es} (
3... c5 4. d5 Nf6 5. Nc3 b5 6. Bf4 Ba6 {pero esta vez, quizá por prudencia o
por alguna cosa concreta que le molestase, Ruslan elige el camino más
"clásico".}) 4. e5 Nd5 5. Bxc4 Nb6 6. Bd3 {
En la cuarta partida V.Ivanchuk eligió} (6. Bb3) 6... Nc6 7. Ne2 Bg4 {
Con esta jugada, las negras provocan el avance del peón "f", debilitando la
diagonal g1-a7.} 8. f3 Be6 9. Nbc3 Bc4 10. Bxc4 Nxc4 11. O-O {
Ha habido varios intentos de conseguir ventaja después de} (11. Qb3 Nb6 12. e6
fxe6 13. Qxe6 {, porque es peligroso jugar} Nxd4 {por} 14. Qe4 Nxe2 15. Kxe2 c6
16. Rd1 {con más que suficiente compensación, Volkov-Kharlov. Copa de Rusia
1999. Pero Magem mejoró la jugada 13 de las negras con: 13...Qd7 y las blancas
en seguida aceptaron la igualdad después de 14.Qxd7+ Kxd7 y tablas, A.
Khalifman-J.Magem. Liepaia 2001.}) 11... e6 12. a3 Qd7 13. Kh1 ({
Probablemente Ivanchuk podía jugar directamente} 13. Qb3 Nb6 ({Quizás} 13...
N4a5 14. Qa4 a6 15. Rd1 b5 16. Qc2 Nc4 {le molestaba un poco más}) 14. Be3)
13... Be7 14. Qb3 Nb6 ({Es feo} 14... N4a5 $6 {por la simple} 15. Qc2) 15. Be3
O-O 16. Rac1 {Las negras están bastante apretadas, pero la debilidad de las
casillas blancas, en especial d5, les asegura una posición sólida. Por otro
lado, las piezas blancas tienen más espacio para maniobrar y presionar con sus
torres en la columna semiabierta "c", e intentar preparar la ruptura d5.} a5
17. Rfd1 a4 18. Qc2 Rfd8 19. Nf4 Ra5 $6 {Este es un momento crucial para las
negras, y deberían entrar en un juego concreto después de} (19... Nc4 20. Bg1
Bg5 21. Nce2 b5 22. d5 N6xe5 23. dxe6 Qe7 24. Nd5 Rxd5 25. Rxd5 Bxc1 26. Nxc1
c6 27. exf7+ Qxf7 {con aproximada igualdad.}) 20. Qe4 $5 g6 ({En caso de} 20...
Bf8 {la jugada correcta es} 21. Rd3 {
con idea de doblar las torres en la columna "d" y preparar d5.} ({
En cambio, no funciona} 21. Nh5 {por} Nc4 ({también seduce} 21... f5 {
y después de} 22. Qc2 Ne7 23. Bg5 c6 24. Nf4 Rda8 {las negras están bien.}) 22.
Bh6 $2 Nxb2 23. Qg4 Nxd1 24. Rxd1 f5 25. exf6 Rxh5 {y las negras ganan.})) ({
Por otro lado, las negras no podían jugar} 20... Nc4 {por} 21. d5 exd5 22.
Ncxd5 N6xe5 23. Nf6+ Bxf6 24. Rxd7 Rxd7 25. Rxc4 {y las blancas ganan.}) 21.
Qc2 {Ahora no vale} (21. Rd3 {
porque la casilla f6 está defendida y las negras pueden jugar inesperadamente}
g5 $1 22. Nh3 Nxe5 23. Nxg5 Bxg5 24. dxe5 Qxd3 25. Bxg5 Qxe4 26. Nxe4 Rd4 {
con gran ventaja.}) 21... Qe8 22. Qe2 Rd7 23. Rc2 Nd5 $6 {Es una decisión
dudosa, que entrega todavía más espacio a las blancas. No vale tampoco
retroceder con el alfil} (23... Bf8 {
para liberar la casilla e7 para el caballo, por} 24. Ne4 Bg7 25. Nc5) ({
Era mejor mantenerse a la espera de las acciones blancas jugando} 23... Qd8 24.
Rcd2 Kg7) 24. Ncxd5 exd5 25. Rdc1 f6 {Diagrama.} 26. Nd3 $1 {Una buena decisión
. El caballo blanco no sólo defiende su peón e5, sino también va a bloquear el
peón pasado que ahora obtienen las negras.} fxe5 27. dxe5 d4 28. Bh6 g5 $2 {
Esto es un error claro por parte de las negras. Se debilita demasiado el
flanco de rey, y casi cualquier otra jugada más tranquila, sería preferible a
la última decisión de las negras, aunque, de todas formas, las blancas
mantendrían su ventaja posicional.} 29. Rxc6 ({
Diagrama. Tampoco creo que en caso de} 29. f4 Qg6 30. fxg5 Bxg5 31. Bxg5 Qxg5
32. Nc5 Rxc5 (32... Re7 33. Qc4+ Kg7 34. Ne6+ Rxe6 35. Qxe6 Rxe5) 33. Rxc5 d3
34. Qf3 d2 35. Rf1 {las negras puedan sobrevivir en esa posición.}) 29... bxc6
30. Rxc6 {Estéticamente me gusta más la decisión que ha tomado Ivanchuk.
"Pono" ya ve como se desmorona su posición e intenta complicar las cosas por
medio de la táctica.} Bd6 31. f4 Rf7 32. Rc1 Rxf4 33. Nxf4 Rxe5 34. Qc4+ Qf7 {
La esperanza de las negras es el alfil blanco en h6.} 35. Nd3 Rf5 36. Qxf7+ ({
Parece que lo más sencillo era} 36. g3 Rf3 37. Nc5 Bxc5 (37... d3 38. Qxf7+
Kxf7 39. Bxg5) 38. Qxf7+ Kxf7 39. Rxc5 Kg6 40. Bxg5 {ganando.}) 36... Kxf7 37.
h4 gxh4 38. Kg1 Ke6 39. Rc4 {Diagrama.} ({
No es del todo claro como realizar la ventaja en caso de} 39. Bd2 c5 40. Rc4 h3
$5 (40... Kd5 41. Rxa4 c4 42. Ra5+ Ke6 43. Rxf5 Kxf5 44. Nf2 {
y las blancas deben ganar.}) 41. gxh3 Rf3 42. Nc1 {(defendiendo la casilla b3)}
Kd5 43. Rxa4 Rxh3 44. b3 Rh2) 39... h3 {Las negras juegan su carta, la
actividad, y ya no es nada sencillo aprovechar la ventaja decisiva en los
apuros de tiempo.} 40. gxh3 Kd5 41. Rxa4 Ke4 42. Nf2+ ({Parece que} 42. Nc1 {
es también suficiente, pero es un camino mas difícil para las blancas.} Rh5 43.
Bd2 Rxh3 44. Ra8 Rh2 45. Re8+ Kf3 46. Nb3 c5 47. Re6 Rg2+ 48. Kf1 {
y las blancas deben ganar.}) 42... Kf3 43. Rxd4 $2 ({
Las blancas tenían una victoria fácil después de} 43. Rc4 Re5 44. Nd3) 43...
Bc5 44. Rd2 ({Las blancas aún podían intentar realizar su ventaja con} 44. Rd3+
Ke2 45. Rd2+ Ke1 46. Kg2 Bxf2 47. Rd7 Bb6 48. Kg3) 44... Rf6 ({
Probablemente las negras podían conseguir tablas después de} 44... Kg3 45. Rd3+
Rf3 46. Rxf3+ Kxf3) 45. Bg5 ({El intento} 45. Kf1 Rxh6 46. Rd3+ Kf4 {
es parecido a lo que pasó en la partida.}) 45... Rg6 46. Kf1 Rxg5 {Las negras
n recuperado la pieza, y tienen una actividad completamente suficiente para
empatar esta partida tan sufrida.} 47. Rd3+ Kf4 48. Rc3 Bb6 49. b4 Rd5 50. Rd3
Rf5 51. Nd1 c5 52. Nc3 cxb4 53. axb4 Ke5+ 54. Ke1 Rf4 55. Rd5+ Ke6 56. Rb5 Bc7
57. Nd5 Re4+ 58. Kf2 Bd6 1/2-1/2

[Event "FIDE WCh KO Final"]
[Site "Moscow RUS"]
[Date "2002.01.21"]
[Round "7.5"]
[White "Ponomariov, Ruslan"]
[Black "Ivanchuk, Vassily"]
[Result "1-0"]
[WhiteElo "2727"]
[BlackElo "2717"]
[Annotator "Ubilava, E"]
[PlyCount "127"]
[EventDate "2002.01.16"]
[EventType "game"]
[Source "EDAMI"]
[SourceDate "2006.12.20"]

{Esta dramática partida fue decisiva, no sólo por el resultado, sino también
por el golpe psicológico que recibió Ivanchuk, perdiendo una posición
completamente ganada. Los críticos con la FIDE se emplearon duramente contra
le nuevo control del tiempo e incluso contra el título que estaba a punto de
conseguir el joven ucraniano. Estoy de acuerdo en que, si Vasily tuviese el
tiempo suficiente, nunca cometería un error tan absurdo como 47...Kg7, pero
?Acaso nunca hemos visto como se desvanecía una posición ganada con el control
de 7 horas?. Sí, es verdad que "Pono" tuvo muchísima suerte en esta partida,
que jugó mal. Pero los jóvenes "siempre" tienen suerte, quizá sea porque su
mente tiene mas vitalidad y esperanza y es más despierta, aunque eso no es una
debilidad sino una virtud.} 1. e4 e5 2. Nf3 Nc6 3. Bb5 a6 4. Ba4 Nf6 5. O-O Be7
6. Re1 b5 7. Bb3 O-O {Intentando el Ataque Marshall. Por supuesto es una
decisión correcta, porque el marcador negativo obligaba a Ivanchuk a buscar
las aperturas más complejas para intentar igualar el resultado.} 8. h3 {
Ultimamente el anti-Marshall se ha puesto de moda, gracias al esfuerzo de G.
Kasparov en esa dirección.} Bb7 9. d3 d6 10. a3 Nb8 ({
En la partida Gelfand-Adams. Wijk Aan Zee 2002 se jugó} 10... Na5 11. Ba2 c5
12. Nc3 Nc6 13. Ne2 Bc8 14. Ng3 Be6 15. Nf5 {con una compleja posición.}) 11.
Nbd2 Nbd7 12. Nf1 Re8 13. Ng3 c6 14. Nh2 {Es difícil suponer lo que tenía
preparado Ivanchuk si "Pono" siguiera la partida Shirov-Adams, de Wijk Aan Zee
1998.} (14. Nf5 Bf8 15. Nh2 d5 16. Qf3 Kh8 17. Bg5 {y las blancas ganaron este
encuentro contundentemente. No cabe duda de que las negras tenían alguna
mejora en esa línea, pero no sabemos donde. Por otro lado, me cuesta decir si
la última jugada de las blancas estaba preparada o simplemente es una jugada
cualquiera para evitar dolores de cabeza.}) 14... d5 15. Qf3 g6 {
Las negras no permiten la trasposición a la mencionada partida con} (15... Bf8
16. Nf5) 16. Ba2 $6 ({Era mejor} 16. Bh6 {y si las negras contestan} Nc5 {
las blancas tienen pueden jugar} 17. Nf5 ({también merece atención simplemente
} 17. Ba2 {con la amenaza de llevar el caballo a f5 más tarde.}) 17... Nxb3 18.
Nxe7+ Qxe7 19. cxb3 ({Pierde} 19. Bg5 $4 {por} Nd4 $1 20. Qxf6 Qxf6 21. Bxf6
Nxc2) 19... Nd7 20. b4 {Quizá se pueda valorar esta posición como igualada,
pero yo preferiría jugar con blancas, por la debilidad de las casillas negras
en el flanco del rey.}) 16... Bf8 {A partir de este momento, las negras poco a
poco toman el control de la posición, básicamente porque tienen más espacio.}
17. Bg5 h6 18. Bd2 Bg7 19. Ng4 Nxg4 20. hxg4 Nc5 21. Rad1 Rc8 22. Nf1 Ne6 23.
Qg3 Kh7 {Las negras están controlando muy bien la partida y ahora preparan el
avance de los peones en el flanco de dama.} 24. Nh2 f6 25. Nf3 c5 26. Qh2 ({
No se cambian mucho las cosas en caso de} 26. exd5 Bxd5 27. Bxd5 ({
la ilusión de} 27. Ba5 {se desvanece tras} Qd7 {
y las blancas no tienen nada mejor que cambiar los alfiles} 28. Bxd5 Qxd5)
27... Qxd5 28. Qh2 Nd4 {y las negras mandan.}) 26... Nd4 27. Nxd4 cxd4 28. c3
dxc3 {Diagrama.} 29. bxc3 $2 {No entiendo cual fue el motivo de esta decisión,
porque después de la última jugada las blancas tienen la partida perdida,
mientras que} (29. Bxc3 {
era una jugada normal, y daba posibilidades de seguir luchando.} d4 (29... a5
30. d4) 30. Bd2 Rc2 31. Bc1 {con idea de 32.Bb3.}) 29... dxe4 30. dxe4 Qe7 {
Asi de simple. Las blancas pierden uno de sus peones y quedan en posición
perdida.} 31. a4 $6 {Tampoco esta decisión me parece acertada, porque el peón
pasado en a4 me parece mucho más peligroso que en a6. Quizás había que elegir}
(31. Bd5 Bxd5 32. exd5 Qxa3 ({Merece atención la jugada} 32... Red8) 33. g5
fxg5 34. Bxg5 Qd6 35. Rd3) 31... bxa4 32. Qh3 Red8 33. Qf3 Rc7 34. Bc1 Rcd7 35.
Bb1 Qe6 36. Rxd7 Rxd7 37. Bc2 Bc6 $1 {Las negras no tienen prisa, y con toda
la razón. Como enseña Fritzi, en caso de unas complicaciones innecesarias, las
blancas tenían una salvación milagrosa:} (37... a3 $2 38. Bxa3 Qa2 39. Ba4 Rc7
40. Bd6 Rc4 41. Be8 Qd2 42. Rd1 $1 ({Pierde} 42. Bxg6+ Kxg6 43. Qf5+ Kf7 44.
Qd7+ Kg8) 42... Qc2 43. Bxg6+ {(ahora este golpe salva la partida)} Kxg6 44.
Qf5+ Kf7 45. Qd7+ Kg8 46. Bf8 $3 Kxf8 {Es la única jugada, porque pierde} (
46... Bxf8 {después de} 47. Qe6+ Kh8 48. Qxf6+ Kg8 49. Qe6+ Kh8 50. Qxe5+ Kg8
51. Qe6+ Kh8 52. Qf6+ Kg8 53. Rd7) 47. Qd8+ Kf7 48. Rd7+ Kg6 49. Qg8 Qc1+ 50.
Kh2 Qf4+ {con jaque continuo.}) 38. Rd1 Qa2 39. Rxd7 Bxd7 40. Qd1 Bb5 41. Be3
Qc4 42. Kh2 Bc6 43. Qa1 Bf8 44. Bb1 a3 45. f3 Qb3 {
!Resulta difícil imaginar que las negras vayan a perder esta posición!} 46. Qa2
Ba4 47. Kg3 {Diagrama.} Kg7 $4 ({Ganaba simplemente} 47... a5 {con la idea de
cambiar las damas y después poner el alfil en c2 y el peón en a4, preparando
Bb3. Es desesperado} 48. Bb6 (48. Kh2 Qxa2 49. Bxa2 Bc2 50. Bc1 a4 51. Bd5 Bc5
{y por supuesto las negras ganan.}) 48... Qxb6 49. Qf7+ Bg7 50. Ba2 Qd8) 48.
Qd2 g5 ({En caso de} 48... Kh7 49. Ba2 Qd1 {las blancas juegan} 50. Qd5 {
consiguiendo, como en la partida, dos peones pasados.}) 49. Ba2 Qb7 ({
Era mejor jugar directamente} 49... Qd1 50. Qd5 Qxd5 51. exd5 {
consiguiendo la misma posición que en partida, pero con el alfil en a4.} Bc2
52. c4 Bb4 53. c5 Kf7 54. c6 Ke7 55. Ba7 Bd6 56. Bb6 {y las negras están mejor,
e incluso pueden intentar sacar más provecho de su posición.}) 50. Qd3 {
Debemos tener en cuenta que, desde hace bastante, la partida transcurre en un
apuro de tiempo permanente para ambos jugadores. Por ello, era muy difícil
apreciar hasta qué punto ha cambiado la posición. En el lugar de Ivanchuk, la
decisión correcta hubiera sido forzar las tablas en cuanto fuera posible.} Be8
51. Qd5 Qxd5 52. exd5 a5 53. c4 (53. Bb6 {era mejor.}) 53... Bb4 54. c5 Kf8 55.
Kf2 Bb5 56. c6 Ke7 57. Ba7 Kd8 ({Para conseguir tablas era suficiente jugar} 
57... Kd6 58. Bb8+ Ke7 ({Es incómodo} 58... Kc5 {por} 59. Ke3) 59. Ke3 Bc5+ 60.
Ke4 Ba4) (57... Bd3 58. Ke3 Bb5 59. Bb8 Bc5+ 60. Ke4 Ba4 {
también lleva a la igualdad.}) 58. Bb6+ {Diagrama.} Kc8 $4 ({
Ya conocemos la posición después de} 58... Ke7) 59. Ke3 {
Ahora el rey blanco entra imparablemente en e6 y las blancas ganan.} a4 60. Ke4
Be2 61. Kf5 e4 62. Ke6 exf3 63. d6 Bxd6 64. Kxd6 1-0

[Event "Aeroflot Open"]
[Site "Moscow RUS"]
[Date "2002.02.06"]
[Round "3"]
[White "Grischuk, Alexander"]
[Black "Dvoirys, Semen"]
[Result "1-0"]
[WhiteElo "2671"]
[BlackElo "2563"]
[Annotator "Rodríguez, Am"]
[PlyCount "45"]
[EventDate "2002.02.04"]
[EventType "game"]
[Source "EDAMI"]
[SourceDate "2006.12.20"]

1. e4 c5 2. Nf3 d6 3. d4 cxd4 4. Nxd4 Nf6 5. Nc3 a6 6. f3 e6 7. Be3 b5 8. g4
Nfd7 9. Qd2 Nb6 10. O-O-O N8d7 {Diagram # Una posición muy conocida dentro de
esta variante de la Defensa Siciliana. Las negras se anticipan al avance de
los peones blancos en el flanco rey y retiran su caballo a d7, casilla a la
cual más temprano que tarde se habría tenido que replegar de todas formas.
Antes de la presente partida, se conocían otras 28 en las cuales se había
presentado sobre el tablero exactamente la misma posición y las respuestas de
las blancas habían sido muy variadas, de hecho 7 posibilidades diferentes
habían sido probadas, Qf2, Bd3 y Bg5 las más habituales y también f4, Kb1, Nb3
y Qe1. Garri Kasparov, el gran especialista de la Najdorf, ha jugado dos veces
esta variante con piezas negras, frente a Judit Polgar y el propio Grischuk.
En ambas partidas tuvo que enfrentar 11.Qf2, la jugada mayoritaria, pero esta
vez el joven talento ruso, confrontado con la misma posición, logra encontrar
una sorprendente "octava posibilidad"} 11. Ndxb5 $5 axb5 12. Nxb5 {Diagram # El
momento crítico de la partida. Las blancas han realizado un violento
sacrificio y las negras deben decidir como reaccionar, para ello disponen de
varias posibilidades lógicas.} Rxa2 (12... d5 {Una jugada normal, que aquí
tiene el valor añadido de proteger el peón dama. Sin embargo la apertura de la
posición resulta nefasta para las negras y el ataque blanco adquiere una
potencia desorbitada después de} 13. Qc3 $1 {por ejemplo} Rxa2 14. Kb1 Ra4 15.
Nc7+ Ke7 16. exd5 {y las negras colapsan}) (12... h5 {una jugada tanto
enigmática, con idea de transponer a la partida com una configuración
diferente en el flanco rey} 13. g5 {y en una que otra variante las negras
pudieran intentar sacar provecho de la nueva situación de estos dos peones.}) (
12... Ba6 $5 {Es la posibilidad más atractiva} 13. Nxd6+ Bxd6 14. Qxd6 Bxf1 (
14... Nc4 15. Bxc4 Bxc4 16. a3 $5 ({el intento directo con} 16. Qd4 {
parece fallar después de} Be2 (16... Rxa2 17. Kb1) 17. Qxg7 Rf8 18. Rxd7 Kxd7
19. Bc5 Rg8 20. Qxf7+ Kc6) 16... Be2 17. Rd2 Bxf3 18. Rf1 Bxg4 19. Qg3 h5 20.
h3 Bxh3 21. Qxh3 {y en esta compleja posición las blancas parecen llevar la
mejor parte pues el rey negro no lo tiene sencillo para encontrar refugio.})
15. Bxb6 Qg5+ (15... Nxb6 $2 16. Qc6+) 16. f4 Qb5 17. Rhxf1 (17. Qxd7+ Qxd7 18.
Rxd7 Kxd7 19. Rxf1 Rxa2) 17... Nxb6 18. b3 {
con una posición un tanto preferible para las blancas.}) 13. Kb1 Ra8 $6 {
Una retirada natural pero dudosa.} ({Más ingeniosa hubiera sido} 13... Ra4 {
pues de seguir normalmente con} 14. Nxd6+ Bxd6 15. Qxd6 {
las blancas se enfrentarían al inesperado recurso} Nd5 $1 {con idea de dar
paso a la dama hacia a5 y bueno, aunque no es nada especial, las negras
adquieren cierta vida repentina.}) 14. Nxd6+ Bxd6 15. Qxd6 Na4 $6 ({
Después de ver lo que ocurrirá en la partida puedo ahora afirmar que} 15... Ra5
{era el único intento de mantener las esperanzas pero no parece nada
promisorio tener que basar la defensa en mover la torre de nuevo y a esta
casilla negra tan insegura.}) 16. Bb5 {Diagram # Después de esta jugada
comienzan a aparecer amenazas concretas sobre la posición negra, por ejemplo
17.Qd4 tocando en g7 y a4 ó 17.Rd3 para trasladarse a a3.} Qe7 {Después de
detenidamente la posición no logré encontrar mejor defensa que esta y es que
aunque parezca una afirmación prematura, las negras están ya completamente
perdidas pese a tener pieza de más.} 17. Qd4 (17. Bc6 {
era también muy interesante, por ejemplo} Ra6 18. Bxd7+ Qxd7 19. Qe5 f6 20.
Rxd7 fxe5 21. Rxg7 {con gran ventaja pero es natural que Grischuk aspire a más.
}) 17... e5 {Tampoco se ve nada mejor} 18. Qd5 {La posición negra es insalvable
} Nc3+ 19. bxc3 Rb8 20. Rd3 {Podían intentarse otras jugadas más directas pero
con toda la razón, Grischuk evalúa que tiene ya todo lo que necesita para
ganar la partida y prepara calmadamente el avance c2-c4 que directamente
permitía un jaque de dama en b4.} O-O 21. c4 Nb6 22. Qc5 $1 Qf6 (22... Qxc5 23.
Bxc5 Nxc4 24. Bxf8 Rxb5+ 25. Kc1 Kxf8 26. Rd8+ {lleva a un final sencillo}) 23.
g5 {Las negras abandonan porque además de la enorme inferioridad posicional y
los dos peones de menos, las blancas amenazan el decisivo sacrificio 24.Qxf8!
seguido de 25.Bc5+ y 26.Rd8 jaque mate.} 1-0